LEADER 00911nam0-22002891i-450 001 990001729700403321 005 20190329122331.0 035 $a000172970 035 $aFED01000172970 035 $a(Aleph)000172970FED01 035 $a000172970 100 $a20030910d1986----km-y0itay50------ba 101 0 $aita 200 1 $aManuale per l' uso razionale dell' energia nel settore del vetro cavo meccanico$fENEA - ENEL 210 $aRoma$cENEA-ENEL$d1986 215 $a183 p.$d30 cm 225 1 $a<>risparmio energetico nelle piccole e medie imprese$v4 610 0 $aRisparmio energetico 610 0 $aVetro 676 $a621.402 801 0$aIT$bUNINA$gRICA$2UNIMARC 901 $aBK 912 $a990001729700403321 952 $a60 621.402 ENEA-4 1986$b726$fFAGBC 959 $aFAGBC 996 $aManuale per l' uso razionale dell' energia nel settore del vetro cavo meccanico$9365312 997 $aUNINA LEADER 01290nam a2200301 i 4500 001 991003652999707536 005 20020509125815.0 008 010514s1980 it ||| | ita 035 $ab11193773-39ule_inst 035 $aPARLA185933$9ExL 040 $aDip.to Filosofia$bita 082 0 $a331.40941 100 1 $aSaraceno, Chiara$0437846 245 10$aMaternità :$bla condizione femminile nelle testimonianze di lavoratrici inglesi dell'inizio del secolo /$ca cura e con introduzione di Margaret Llewelyn Davies ; nuova introduzione di Gloden Dallas ; presentazione di Chiara Saraceno 260 $aBari :$bDe Donato,$c1980 300 $a253 p. ;$c18 cm. 490 0 $aAtti. N.s. 650 4$aLavoratrici madri - Inghilterra$y1914 650 4$aMaternità$xAssistenza - Inghilterra 700 1 $aDavis, Margaret Llewelyn 700 1 $aDallas, Gloden 907 $a.b11193773$b23-02-17$c28-06-02 912 $a991003652999707536 945 $aLE005IF XXXI D 69$g1$i2005000237539$lle005$o-$pE0.00$q-$rl$s- $t0$u2$v3$w2$x0$y.i11343345$z28-06-02 945 $aLE009 STOR. 08.2-12$g1$i2009000032538$lle009$o-$pE0.00$q-$rl$s- $t0$u3$v3$w3$x0$y.i1215359x$z31-01-03 996 $aMaternità$9869372 997 $aUNISALENTO 998 $ale005$ale009$b01-01-01$cm$da $e-$fita$git $h0$i1